Nenapovídej

Bibliographic Details
Main Author: Machek, Jaroslav (Author)
Other Authors: Helexa, Rudolf (gup)
Format: Article
Language:Czech
PhysicalDescription:Fot. 1.
Subjects:

MARC

LEADER 00000nab a2200000 a 4500
001 vtls000142339
003 SK-MaSNL
005 20260304013434.0
008 160202c1982 xo 0 cze
015 |a SNBRB19rr/mm-uuuuu 
035 |a CL0152446 
040 |a SNKBUCL  |b slo  |c SNKBUCL  |e AACR2 
041 0 |a cze 
044 |a xo  |c SK 
080 |a 885.0-1  |2 1981 
100 1 |a Machek, Jaroslav  |4 aut  |9 303063 
245 1 0 |a Nenapovídej  |c Jaroslav Machek ; R. Helexa 
300 |b Fot. 1. 
650 0 7 |a populárne piesne  |2 snkbucl  |9 3446 
655 7 |a články z novín a časopisov  |2 snkbucl  |9 267496 
655 7 |a články z odboru literárna veda a krásna literatúra  |2 snkbucl  |9 770045 
700 1 |a Helexa, Rudolf  |4 gup  |9 433540 
773 0 |t Kamarát  |g Roč. 15, č. 16-17 (1982), s. 20-21 
850 |a Slovenská národná knižnica v Martine  |a MTA001 
852 |a SNK  |b KIS3GCP 
958 |a RK 
958 |a CZ 
958 |a LX 
958 |a SK 
992 |a RBX 
999 |c 2575821  |d 2577751